El pensamiento de Franciso de Vitoria : filosofía política e indio americano /

Análisis de la obra del jurista del derecho internacional Francisco de Vitoria (1483-1546), uno de los más grandes filósofos políticos de la España del Renacimiento. Dos temas ocupan la mayor parte de este estudio: la guerra justa, por una parte y por otra la naturaleza humana, de manera especial de...

Ful tanımlama

Kaydedildi:
Detaylı Bibliyografya
Yazar: Castilla Urbano, Francisco (autor)
Materyal Türü: Kitap
Dil:İspanyolca
Baskı/Yayın Bilgisi: Barcelona, España : México : Anthropos ; Universidad Autónoma Metropolitana Iztapalapa, 1992, c1992
Seri Bilgileri:(Pensamiento Crítico/Pensamiento Utópico. Filosofía Política ; 69)
Konular:
Etiketler: Etiketle
Etiket eklenmemiş, İlk siz ekleyin!

MARC

LEADER 00000nam^a2200000^a^4500
001 000373163
005 20250521000000.0
009 20260310120033.689
020 |a 84-7658-357-5 
025 |a Donación Juan Diego Castillo, 1 ejemplar 
037 |a Acervo ITESO - Biblioteca 
041 |a ESP 
082 |a 341. 1  |b CAS 
100 |a Castilla Urbano, Francisco  |e (autor) 
245 1 3 |a El pensamiento de Franciso de Vitoria :  |b filosofía política e indio americano /  |c F. Castilla Urbano. 
264 4 |a Barcelona, España :  |b Anthropos ;  |a México :  |b Universidad Autónoma Metropolitana Iztapalapa,  |c 1992, c1992 
300 |a 378 p. 
336 |a texto  |b txt  |2 rdacontenido 
337 |a sin mediación  |b n  |2 rdamedio 
338 |a volumen  |b nc  |2 rdasoporte 
440 1 |a (Pensamiento Crítico/Pensamiento Utópico.  |p Filosofía Política ;  |v 69) 
520 |a Análisis de la obra del jurista del derecho internacional Francisco de Vitoria (1483-1546), uno de los más grandes filósofos políticos de la España del Renacimiento. Dos temas ocupan la mayor parte de este estudio: la guerra justa, por una parte y por otra la naturaleza humana, de manera especial del indígena americano. Tiene como finalidad presentar una visión panorámica de las aportaciones en el campo de la filosofía y del derecho de este fraile dominico español a quien históricamente se le ha dado el adjetivo de reaccionario. 
649 |a XX 
650 |a Indígenas -  |x Condiciones Políticas 
650 |a Juristas Españoles 
650 |a Teólogos Españoles 
650 |a Dominicos Españoles 
650 |a Dominación 
650 |a Colonialismo 
650 |a Derecho de Conquista 
650 |a Derecho Internacional -  |x Fuentes -  |x Tema Principal 
650 |a Derecho -  |x Teoría 
650 |a Política -  |x Teoría 
650 |a América -  |x Historia -  |y Descubrimiento y Exploración -  |x Aspectos Jurídicos 
650 |a Vitoria, Francisco de -  |x Tema Principal 
910 |a Fondo Castillo-Martínez 
920 |a Impresos - Libros 
930 |a Fondos Especiales 
905 |a 127 
901 |a 0500267479  |b IT2  |c ESP  |i FXC D  |u 20250521 
902 |a https://opac.biblio.iteso.mx/vufind/Record/000373163